<?xml version="1.0" encoding="UTF-8"?>
<record
    xmlns:xsi="http://www.w3.org/2001/XMLSchema-instance"
    xsi:schemaLocation="http://www.loc.gov/MARC21/slim http://www.loc.gov/standards/marcxml/schema/MARC21slim.xsd"
    xmlns="http://www.loc.gov/MARC21/slim">

  <leader>00954nam a2200265   4500</leader>
  <controlfield tag="001">114567</controlfield>
  <controlfield tag="003">DR-UNIBE</controlfield>
  <controlfield tag="005">20260410101008.0</controlfield>
  <controlfield tag="008">260410b2024    dr ||||| |||| 00| 0 spa d</controlfield>
  <datafield tag="040" ind1=" " ind2=" ">
    <subfield code="a">Biblioteca UNIBE</subfield>
    <subfield code="c">Biblioteca UNIBE</subfield>
    <subfield code="e">RDA</subfield>
  </datafield>
  <datafield tag="041" ind1=" " ind2=" ">
    <subfield code="a">spa</subfield>
  </datafield>
  <datafield tag="110" ind1="1" ind2="0">
    <subfield code="a">Dream Project</subfield>
    <subfield code="9">204165</subfield>
    <subfield code="e">autor</subfield>
  </datafield>
  <datafield tag="245" ind1="1" ind2="3">
    <subfield code="a">Mi mundo </subfield>
  </datafield>
  <datafield tag="260" ind1=" " ind2=" ">
    <subfield code="a">Cabarete, Puerto Plata :</subfield>
    <subfield code="b">Deam Project,</subfield>
    <subfield code="c">2024</subfield>
  </datafield>
  <datafield tag="653" ind1="0" ind2="7">
    <subfield code="a">Revistas infantiles y juveniles dominicanas</subfield>
  </datafield>
  <datafield tag="700" ind1="1" ind2="0">
    <subfield code="a">Sosa, Jennifer</subfield>
    <subfield code="9">204166</subfield>
    <subfield code="e">encargado de campo</subfield>
  </datafield>
  <datafield tag="700" ind1="1" ind2="0">
    <subfield code="a">Murray, Luis M.</subfield>
    <subfield code="9">204167</subfield>
    <subfield code="e">encargado de campo</subfield>
  </datafield>
  <datafield tag="700" ind1="1" ind2="0">
    <subfield code="a">Ravin, Judith</subfield>
    <subfield code="9">204168</subfield>
    <subfield code="e">corrector de estilo</subfield>
  </datafield>
  <datafield tag="700" ind1="1" ind2="0">
    <subfield code="a">Milanez, Juan Carlos</subfield>
    <subfield code="9">204169</subfield>
    <subfield code="e">editor de secci&#xF3;n</subfield>
  </datafield>
  <datafield tag="700" ind1="1" ind2="0">
    <subfield code="a">Valdez, Suldaireny</subfield>
    <subfield code="9">204170</subfield>
    <subfield code="e">editor de secci&#xF3;n</subfield>
  </datafield>
  <datafield tag="700" ind1="1" ind2="0">
    <subfield code="a">Gal&#xE1;n, Ana</subfield>
    <subfield code="9">154971</subfield>
    <subfield code="e">editor</subfield>
  </datafield>
  <datafield tag="700" ind1="1" ind2="0">
    <subfield code="a">Dictamen, Mayte</subfield>
    <subfield code="9">204171</subfield>
    <subfield code="e">director de arte</subfield>
  </datafield>
  <datafield tag="700" ind1="1" ind2="0">
    <subfield code="a">Garc&#xED;a, Hailen </subfield>
    <subfield code="9">204172</subfield>
    <subfield code="e">fot&#xF3;grafo</subfield>
    <subfield code="e">dise&#xF1;ador gr&#xE1;fico</subfield>
  </datafield>
  <datafield tag="942" ind1=" " ind2=" ">
    <subfield code="2">ddc</subfield>
    <subfield code="c">CR</subfield>
  </datafield>
  <datafield tag="999" ind1=" " ind2=" ">
    <subfield code="c">114567</subfield>
    <subfield code="d">114567</subfield>
  </datafield>
  <datafield tag="952" ind1=" " ind2=" ">
    <subfield code="0">0</subfield>
    <subfield code="1">0</subfield>
    <subfield code="2">ddc</subfield>
    <subfield code="4">0</subfield>
    <subfield code="7">1</subfield>
    <subfield code="8">FBIU</subfield>
    <subfield code="a">Principal</subfield>
    <subfield code="b">Principal</subfield>
    <subfield code="d">2026-02-11</subfield>
    <subfield code="h">No. 11 ( 2024)</subfield>
    <subfield code="l">0</subfield>
    <subfield code="o">FBIU-DRP R M618</subfield>
    <subfield code="p">FBIU0931</subfield>
    <subfield code="r">2026-04-10 10:02:53</subfield>
    <subfield code="t">Ej. 1</subfield>
    <subfield code="w">2026-04-10</subfield>
    <subfield code="y">CR</subfield>
  </datafield>
</record>
